Library Banner

High blood cholestrol (Urdu) (Record no. 67023)

MARC details
000 -LEADER
fixed length control field 00505nam a2200193Ia 4500
001 - CONTROL NUMBER
control field 64979
008 - FIXED-LENGTH DATA ELEMENTS--GENERAL INFORMATION
fixed length control field 150303s9999 xx 000 0 und d
020 ## - INTERNATIONAL STANDARD BOOK NUMBER
International Standard Book Number NA
040 ## - CATALOGING SOURCE
Transcribing agency PK-LaUMT
082 ## - DEWEY DECIMAL CLASSIFICATION NUMBER
Classification number 613.284
Item number GUP-H
100 ## - MAIN ENTRY--PERSONAL NAME
Personal name Gupta, Krishin
245 ## - TITLE STATEMENT
Title High blood cholestrol (Urdu)
Statement of responsibility, etc Gupta, Krishin|Tahir Mansoor Farooqi
260 ## - PUBLICATION, DISTRIBUTION, ETC. (IMPRINT)
Place of publication, distribution, etc Lahore,Pakistan:
Name of publisher, distributor, etc Takhleqaat,
Date of publication, distribution, etc 2012
300 ## - PHYSICAL DESCRIPTION
Extent 216 p.
546 ## - LANGUAGE NOTE
Language note UR
650 ## - SUBJECT ADDED ENTRY--TOPICAL TERM
Topical term or geographic name as entry element High blood cholestrol
700 ## - ADDED ENTRY--PERSONAL NAME
Personal name Tahir Mansoor Farooqi
942 ## - ADDED ENTRY ELEMENTS (KOHA)
Koha item type Books
Holdings
Withdrawn status Lost status Damaged status Not for loan Home library Current library Date acquired Total Checkouts Full call number Barcode Date last seen Date checked out Price effective from Koha item type
        UMT Main Campus UMT Main Campus 2015-03-03 3 613.284 GUP-H 88327 2020-01-25 2020-01-12 2015-03-03 Books